<?xml version="1.0" encoding="UTF-8"?>
<record
    xmlns:xsi="http://www.w3.org/2001/XMLSchema-instance"
    xsi:schemaLocation="http://www.loc.gov/MARC21/slim http://www.loc.gov/standards/marcxml/schema/MARC21slim.xsd"
    xmlns="http://www.loc.gov/MARC21/slim">

  <leader>00497    a2200157   4500</leader>
  <datafield tag="245" ind1=" " ind2=" ">
    <subfield code="a">A glossary of literary terms</subfield>
    <subfield code="h">print</subfield>
  </datafield>
  <datafield tag="020" ind1=" " ind2=" ">
    <subfield code="a">9787303131150</subfield>
  </datafield>
  <datafield tag="250" ind1=" " ind2=" ">
    <subfield code="a">Di 1 ban.</subfield>
  </datafield>
  <datafield tag="100" ind1=" " ind2=" ">
    <subfield code="a">M H Abrams</subfield>
  </datafield>
  <datafield tag="650" ind1=" " ind2=" ">
    <subfield code="a">literature</subfield>
  </datafield>
  <controlfield tag="005">20191017172902.0</controlfield>
  <datafield tag="260" ind1=" " ind2=" ">
    <subfield code="a">cc</subfield>
    <subfield code="b">Beijing shi fan da xue chu ban she</subfield>
    <subfield code="c">2011</subfield>
  </datafield>
  <datafield tag="084" ind1=" " ind2=" ">
    <subfield code="a">PN879.C5 B523 2011</subfield>
  </datafield>
  <datafield tag="300" ind1=" " ind2=" ">
    <subfield code="a">2, 21, 519 p. </subfield>
    <subfield code="b"> 25 cm.</subfield>
    <subfield code="c">2, 21, 519 p. ; 25 cm.</subfield>
  </datafield>
  <datafield tag="500" ind1=" " ind2=" ">
    <subfield code="a">Yin Jianmin zhu bian.</subfield>
  </datafield>
  <datafield tag="490" ind1=" " ind2=" ">
    <subfield code="a">Shandong Sheng she hui ke xue gui hua yan jiu xiang mu wen cong</subfield>
  </datafield>
  <datafield tag="999" ind1=" " ind2=" ">
    <subfield code="c">9503</subfield>
    <subfield code="d">9503</subfield>
  </datafield>
</record>
